000
00365nam a2200169Ia 4500
001
11230
005
20250626030848.0
008
211022s9999 xx 000 0 und d
082
_a
759.1 ALI
100
_a
Ali Azmat
245
0
_a
Let a thousand flowers bloom
260
_a
Lahore
260
_b
Ejaz Gallery
260
_c
2003
300
_a
45
942
_c
ARCH
999
_c
13135
_d
13135